[Event "RUS-ch Silent"]
[Site "Zelenograd"]
[Date "2022.04.18"]
[Round "11"]
[White "Balakleitsev, Sergey"]
[Black "Bakurov, Viacheslav"]
[Result "0-1"]
[WhiteElo "1621"]
[BlackElo "1791"]
[PlyCount "126"]
[EventDate "2022.04.09"]
[EventType "swiss"]
[EventRounds "11"]
[EventCountry "RUS"]
[SourceTitle "EXT 2023"]
[Source "ChessBase"]
[SourceDate "2022.10.05"]
[SourceVersion "1"]
[SourceVersionDate "2022.10.05"]
[SourceQuality "1"]

1. e4 d6 2. d4 g6 3. Bc4 Bg7 4. Nf3 e6 5. 0-0 Ne7 6. c3 0-0 7. Bg5 c6 8. Re1 f6 9. Bh4 d5 10. Bb3 Na6 11. Nbd2 Nc7 12. Qe2 g5 13. Bg3 Ng6 14. h4 g4 15. Nh2 h5 16. f4 f5 17. exf5 exf5 18. Qf2 Bf6 19. Bc2 Nxh4 20. Bxh4 Bxh4 21. g3 Bf6 22. Re2 h4 23. gxh4 Bxh4 24. Qg2 Kf7 25. Nhf1 Qd6 26. Ng3 Bxg3 27. Qxg3 Bd7 28. Re5 Qg6 29. Rae1 Rae8 30. Qh4 Rxe5 31. Rxe5 Re8 32. Nb3 Rxe5 33. dxe5 Ne6 34. Qg3 c5 35. Kf2 Qh5 36. Nd2 Nf8 37. Nf1 Be6 38. a3 Ng6 39. Ne3 d4 40. cxd4 cxd4 41. Ng2 Qh3 42. Qd3 Qxd3 43. Bxd3 Ke8 44. Kg3 Kd7 45. Bb5+ Kc7 46. Ne1 Kb6 47. Bd3 a5 48. Nc2 Kc5 49. b4+ axb4 50. axb4+ Kd5 51. Na3 Nxe5 52. fxe5 Kxe5 53. Nc4+ Bxc4 54. Bxc4 Ke4 55. b5 b6 56. Be6 d3 57. Kf2 d2 58. Ke2 g3 59. Bd7 d1Q+ 60. Kxd1 Ke3 61. Bc6 Kf2 62. Kd2 f4 63. Kd1 g2 0-1

[Event "RUS-ch Silent"]
[Site "Zelenograd"]
[Date "2022.04.17"]
[Round "10"]
[White "Shalagin, Vladimir"]
[Black "Balakleitsev, Sergey"]
[Result "1-0"]
[WhiteElo "1999"]
[BlackElo "1621"]
[PlyCount "93"]
[EventDate "2022.04.09"]
[EventType "swiss"]
[EventRounds "11"]
[EventCountry "RUS"]
[SourceTitle "EXT 2023"]
[Source "ChessBase"]
[SourceDate "2022.10.05"]
[SourceVersion "1"]
[SourceVersionDate "2022.10.05"]
[SourceQuality "1"]

1. e4 e5 2. Nf3 Nc6 3. d4 exd4 4. Nxd4 Bc5 5. Be3 Qf6 6. c3 Nge7 7. Bc4 Ne5 8. Be2 Qg6 9. 0-0 0-0 10. Nd2 d5 11. Bh5 Qb6 12. b4 Bxd4 13. Bxd4 Qe6 14. f4 N5c6 15. f5 Qh6 16. f6 Ng6 17. fxg7 Re8 18. Qf3 Nd8 19. Rf2 c6 20. Bf6 Be6 21. e5 Rc8 22. g4 Bxg4 23. Bxg4 Ne6 24. Qh3 Qxh3 25. Bxh3 Rc7 26. Nf3 Nxg7 27. Re1 Nh5 28. Bg5 Nhf4 29. Bf1 Ne6 30. Bf6 h6 31. Nd4 Nef4 32. Nf5 Kh7 33. Ng3 Rg8 34. Kh1 Re8 35. h4 Ne6 36. Bd3 Kg8 37. Nf5 Kh7 38. Nd6 Rg8 39. h5 Nef8 40. hxg6+ Nxg6 41. Rh2 Rg7 42. Nf5 Nf4 43. Rxh6+ Kg8 44. Bxg7 f6 45. Rh8+ Kf7 46. Rf8+ Kg6 47. Rg1+ 1-0

[Event "RUS-ch Silent"]
[Site "Zelenograd"]
[Date "2022.04.10"]
[Round "2"]
[White "Balakleitsev, Sergey"]
[Black "Oorzhak, Aldar"]
[Result "0-1"]
[WhiteElo "1621"]
[BlackElo "1800"]
[PlyCount "87"]
[EventDate "2022.04.09"]
[EventType "swiss"]
[EventRounds "11"]
[EventCountry "RUS"]
[SourceTitle "EXT 2023"]
[Source "ChessBase"]
[SourceDate "2022.10.05"]
[SourceVersion "1"]
[SourceVersionDate "2022.10.05"]
[SourceQuality "1"]

1. e4 c5 2. d3 Nc6 3. g3 Nf6 4. f4 d6 5. c3 g6 6. Nf3 Bg7 7. Bg2 0-0 8. 0-0 Bd7 9. Qe2 b5 10. e5 Ne8 11. d4 cxd4 12. Nxd4 dxe5 13. fxe5 Rb8 14. Bxc6 Bxc6 15. Nxc6 Qb6+ 16. Nd4 Nc7 17. Be3 Nd5 18. Bf2 Qb7 19. e6 f5 20. Nd2 f4 21. N2f3 b4 22. c4 fxg3 23. Bxg3 Nf4 24. Bxf4 Rxf4 25. Rad1 Rg4+ 26. Kf2 Rf8 27. h3 Bxd4+ 28. Rxd4 Rxd4 29. Kg1 Rdf4 30. Nd2 Rxf1+ 31. Nxf1 Qf3 32. Qxf3 Rxf3 33. Kg2 Rf6 34. Ne3 Rxe6 35. Kf3 Kf7 36. Nd5 a5 37. Nf4 Rc6 38. b3 Rd6 39. c5 Rd2 40. Ke3 Rc2 41. Nd3 Ke6 42. Kd4 Rd2 43. Kc4 Rxd3 44. Kxd3 0-1